Представление документа в формате RUSMARC

ПолеНазваниеЗначение
  Тип записи a
  Библиографический уровень a
001 Контрольный номер RU/CBS_UL/BASE/572962875
005 Дата корректировки 20240209175222.0
100 Данные общей обработки __
a Данные общей обработки 20180226d2018 ||| 0rusy0189 ca
101 Язык документа 0_
a Язык текста rus
102 Страна публикации __
a Страна публикации RU
105 Кодированные данные (монография) __
a Кодированные данные (монография) y###||||000|y
200 Заглавие и сведения об ответственности 1_
a Заглавие Значение спорта для укрепления здоровья человека
b Общее обозначение материала Текст
e Сведения, относящиеся к заглавию [урок физической культуры]
f Первые сведения об ответственности О. Бутовецкая, Р. Насретдинова
300 Общие примечания __
a Общие примечания Ограничения по возрасту - 16+
461 Уровень набора _0
1 2000
a Магариф
463 Уровень физической единицы _0
1 001RU/CBS_UL/BASE/572611235
1 2000
a № 2
v С. 94-95
1 210
d 2018
606 Тематические рубрики 0_
a Основная рубрика Фзическое воспитание
610 Ключевые слова 0_
a Ключевые слова физическая культура
a Ключевые слова физическая подготовка
a Ключевые слова физические упражнения
a Ключевые слова развивающие задания
686 Индексы других классификаций __
a Классификационный индекс 74.267
2 Код системы ББК
700 Автор _1
a Фамилия Бутовецкая
b Имя (инициалы) О.
701 Альтернативная интеллектуальная ответственность _1
a Фамилия Насретдинова
b Имя (инициалы) Р.
801 Источник записи _0
a Страна RU
b Организация МБУК ЦБС г. Ульяновска
c Дата составления 20180226
g Правила каталогизации RCR
801 Источник записи _1
a Страна RU
b Организация МБУК ЦБС г. Ульяновска
c Дата составления 20180226
g Правила каталогизации RCR
901 Тип документа __
t Тип документа b
w Контрольный № источника RU/CBS_UL/BASE/572611235
910 Корректоры записи __
a Корректор записи Библиотека 17
938 Служебная информация __
a Имя БД period